000 00467nam a2200157Ia 4500
100 _aArivazhagan/S/ Henry/Selvaraj
650 _aComputer intelligence and multimedia
490 _v1
942 _cRB
654 _ainternational conference
245 _aInternational Conference on computational intelligence and multimedia applications 2007
260 _bIEEE Computer Society
_asivakasi
_c2007
082 _a004.35/ARI
_bARI
300 _a594
546 _aENGLISH
999 _c29687
_d29687